Sports Quiz

Random Sports or Soccer Quiz

FA Cup Winners Quiz Stats

 Plays Quiz Updated Aug 3, 2018

Score 0/138 Timer 15:00
0 Plays Today
Season Club % Correct
2003-04Manchester United
98.4%
1998-99Manchester United
98.4%
1995-96Manchester United
98.4%
1993-94Manchester United
98.3%
1989-90Manchester United
98.3%
1982-83Manchester United
98.3%
1984-85Manchester United
98.3%
1976-77Manchester United
98.2%
1962-63Manchester United
98.2%
1947-48Manchester United
98.2%
2015-16Manchester United
98.2%
1908-09Manchester United
98.1%
2013-14Arsenal
97.9%
2014-15Arsenal
97.8%
2006-07Chelsea
97.7%
2016-17Arsenal
97.6%
1999-2000Chelsea
97.6%
1996-97Chelsea
97.5%
2004-05Arsenal
97.5%
2001-02Arsenal
97.5%
2002-03Arsenal
97.5%
2011-12Chelsea
97.5%
1997-98Arsenal
97.5%
1992-93Arsenal
97.4%
1969-70Chelsea
97.4%
1978-79Arsenal
97.4%
1970-71Arsenal
97.4%
2018-19Manchester City
97.3%
1949-50Arsenal
97.3%
1929-30Arsenal
97.3%
1935-36Arsenal
97.3%
2005-06Liverpool
97.2%
2000-01Liverpool
97.2%
2017-18Chelsea
97.2%
1988-89Liverpool
97.1%
1991-92Liverpool
97.1%
1985-86Liverpool
97.1%
1973-74Liverpool
97%
1964-65Liverpool
97%
1968-69Manchester City
94.4%
1955-56Manchester City
94.4%
1903-04Manchester City
94.4%
1933-34Manchester City
92.5%
1994-95Everton
91.6%
1983-84Everton
91.5%
1965-66Everton
91.5%
Season Club % Correct
1932-33Everton
91.4%
1905-06Everton
91.4%
1990-91Tottenham Hotspur
91.1%
1980-81Tottenham Hotspur
91%
1981-82Tottenham Hotspur
91%
1960-61Tottenham Hotspur
91%
1961-62Tottenham Hotspur
91%
1966-67Tottenham Hotspur
91%
1900-01Tottenham Hotspur
91%
1920-21Tottenham Hotspur
90.9%
1950-51Newcastle United
87.7%
1954-55Newcastle United
87.7%
1951-52Newcastle United
87.7%
1909-10Newcastle United
87.6%
1923-24Newcastle United
87.6%
1931-32Newcastle United
87.6%
1956-57Aston Villa
87.3%
1886-87Aston Villa
87.3%
1894-95Aston Villa
87.2%
1896-97Aston Villa
87.3%
1904-05Aston Villa
87.2%
1912-13Aston Villa
87.2%
1919-20Aston Villa
87.2%
2008-09Chelsea
86.7%
2007-08Portsmouth
86%
1938-39Portsmouth
85.7%
2012-13Wigan Athletic
84.5%
1979-80West Ham United
84.5%
1974-75West Ham United
84.5%
1963-64West Ham United
84.4%
1971-72Leeds United
83.9%
1972-73Sunderland
82.4%
1936-37Sunderland
82.4%
1883-84Blackburn Rovers
80.1%
1884-85Blackburn Rovers
80.1%
1885-86Blackburn Rovers
80.1%
1889-90Blackburn Rovers
80.1%
1890-91Blackburn Rovers
80.1%
1927-28Blackburn Rovers
80.1%
1958-59Nottingham Forest
77.4%
1897-98Nottingham Forest
77.3%
1975-76Southampton
76.4%
1922-23Bolton Wanderers
75.5%
1957-58Bolton Wanderers
75.5%
1925-26Bolton Wanderers
75.5%
1928-29Bolton Wanderers
75.5%
Season Club % Correct
1967-68West Bromwich Albion
74.7%
1887-88West Bromwich Albion
74.7%
1891-92West Bromwich Albion
74.7%
1953-54West Bromwich Albion
74.7%
1930-31West Bromwich Albion
74.7%
1987-88Wimbledon
71.4%
1934-35Sheffield Wednesday
70.7%
1898-99Sheffield United
69.6%
1901-02Sheffield United
69.6%
1914-15Sheffield United
69.6%
1924-25Sheffield United
69.6%
1895-96The Wednesday
69.4%
1906-07The Wednesday
69.4%
2009-10Chelsea
68.2%
1948-49Wolverhampton Wanderers
68.1%
1959-60Wolverhampton Wanderers
68.1%
1892-93Wolverhampton Wanderers
68.1%
1907-08Wolverhampton Wanderers
68.1%
1926-27Cardiff City
67.6%
1977-78Ipswich Town
66.2%
1945-46Derby County
65.5%
1913-14Burnley
62.8%
1986-87Coventry City
62.6%
1952-53Blackpool
62.4%
1946-47Charlton Athletic
57.8%
2010-11Manchester City
56.9%
1888-89Preston North End
54.9%
1937-38Preston North End
54.9%
1893-94Notts County
53%
1921-22Huddersfield Town
47.7%
1910-11Bradford City
47.4%
1911-12Barnsley
46.4%
1873-74Oxford University
45.6%
1871-72Wanderers
41.7%
1872-73Wanderers
41.7%
1875-76Wanderers
41.6%
1876-77Wanderers
41.6%
1877-78Wanderers
41.6%
1899-1900Bury
35.9%
1902-03Bury
35.9%
1874-75Royal Engineers
31.4%
1878-79Old Etonians
29.9%
1881-82Old Etonians
29.9%
1882-83Blackburn Olympic
21.6%
1880-81Old Carthusians
17.7%
1879-80Clapham Rovers
17.5%

You're not logged in!

Compare scores with friends on all Sporcle quizzes.
OR
Log In

Sporcle TV

Today on Sporcle TV


Watch our educational content, quiz creation guides, and fun videos on Sporcle TV.

Show Comments

Extras

Top Quizzes Today


Score Distribution

Your Account Isn't Verified!

In order to create a playlist on Sporcle, you need to verify the email address you used during registration. Go to your Sporcle Settings to finish the process.

Report this User

Report this user for behavior that violates our Community Guidelines.

Details: